Telemedicine : (Record no. 140946)

MARC details
000 -LEADER
fixed length control field 00629nam a22001937a 4500
005 - DATE AND TIME OF LATEST TRANSACTION
control field 20170615140450.0
010 ## - LCCN (DPL NO)
LC control number ENG-118593
020 ## - INTERNATIONAL STANDARD BOOK NUMBER
International Standard Book Number 9788120353039
Terms of availability 550.00
035 ## - SYSTEM CONTROL NUMBER
System control number EN-102125
037 ## - SOURCE OF ACQUISITION
Source of stock number/acquisition DABD/PUB
082 ## - DEWEY DECIMAL CLASSIFICATION NUMBER
Classification number 610.28
100 ## - MAIN ENTRY--PERSONAL NAME
Personal name Khandpur, R. S.
245 ## - TITLE STATEMENT
Title Telemedicine :
Statement of responsibility, etc by R. S. Khandpur
Remainder of title Technology and Applications (mhealth, telehealth and ehealth)
260 ## - PUBLICATION, DISTRIBUTION, ETC. (IMPRINT)
Place of publication, distribution, etc Delhi
Name of publisher, distributor, etc PHI Learning
Date of publication, distribution, etc 2017
270 ## - ADDRESS
Address 111, Patparganj Industrial Estate
City Delhi
Postal code 110092
300 ## - PHYSICAL DESCRIPTION
Extent xii,499p.:
Dimensions 24cm(pbk)
Other physical details ill
500 ## - GENERAL NOTE
General note Includes references and index<br/>
942 ## - ADDED ENTRY ELEMENTS (KOHA)
Source of classification or shelving scheme Dewey Decimal Classification
Item type English Books
Classification part 610.28
Call number suffix KHA
Holdings
Withdrawn status Lost status Not for loan Collection code Home library Current library Date acquired Source of acquisition Cost, normal purchase price Full call number Barcode Copy number Cost, replacement price Koha item type
      Non-fiction Shahdara Branch Shahdara Branch 09/06/2017 DBAD/PUB 550.00 610.28 KHA EN-102125 1 550.00 English Books

© Delhi Public Library
Hit Counter
free hit counter